| 000 | 00467nam a2200193Ia 4500 | ||
|---|---|---|---|
| 003 | 0100 | ||
| 008 | 130303s9999 xx 000 0 und d | ||
| 040 | _cARRUPELIB | ||
| 050 | _aD102.F416 1958 | ||
| 100 | _aFerguson, Wallace Klippert | ||
| 245 | 2 | _aA survey of European civilization | |
| 250 | _a3d. | ||
| 260 | _aBoston MA | ||
| 260 | _bHoughton Mifflin | ||
| 260 | _C1958 | ||
| 300 | _a1005p | ||
| 700 | _aby W.K. Ferguson and Geoffrey Bruun | ||
| 942 | 0 | 0 | _02 |
| 999 |
_c49478 _d49478 |
||